|
|
|
|
| LEADER |
00000nab a2200000 a 4500 |
| 001 |
vtls000773734 |
| 003 |
SK-MaSNL |
| 005 |
20260305001648.0 |
| 008 |
160324c2001 xo 0 slo |
| 015 |
|
|
|a SNBRB2001/12-35895
|
| 035 |
|
|
|a CLN000125521
|
| 040 |
|
|
|a SNKBUCL
|b slo
|c SNKBUCL
|e AACR2
|
| 041 |
0 |
|
|a slo
|
| 044 |
|
|
|a xo
|c SK
|
| 080 |
|
|
|a 616.61-085:615.35:615.014.425
|2 1997
|
| 245 |
0 |
0 |
|a Účinok koenzýmu Q10 u pacientov s ochoreniami obličiek
|c Katarína Gazdíková ... [et al.]
|
| 246 |
1 |
1 |
|a Effect of Q10 coenzyme in patients with kidney disease
|
| 300 |
|
|
|b Grafy, tab.
|
| 500 |
|
|
|a Výsledky sú parciálnym riešením grantu MŠ SR: 1/4112/97/99
|
| 504 |
|
|
|a Res. angl., slov.
|
| 504 |
|
|
|a Bibliogr. odkazy
|
| 650 |
0 |
7 |
|a obličky
|x choroby
|2 snkbucl
|9 383735
|
| 650 |
0 |
7 |
|a lipidy
|x peroxidácia
|2 snkbucl
|9 1418538
|
| 650 |
0 |
7 |
|a oxidačný stres
|2 snkbucl
|9 84767
|
| 650 |
0 |
7 |
|a antioxidanty
|2 snkbucl
|9 13472
|
| 650 |
0 |
7 |
|a peroxidácia lipidov
|2 snkbucl
|9 840356
|
| 650 |
0 |
7 |
|a choroby obličiek
|2 snkbucl
|9 20122
|
| 650 |
0 |
7 |
|a vitamíny
|2 snkbucl
|9 2616
|
| 650 |
0 |
7 |
|a ubichinón
|2 snkbucl
|9 21697
|
| 655 |
|
7 |
|a články z novín a časopisov
|2 snkbucl
|9 267496
|
| 700 |
1 |
|
|a Gazdíková, Katarína,
|d 1968-
|4 aut
|9 13165
|
| 700 |
1 |
|
|a Gvozdjáková, Anna,
|d 1943-
|4 aut
|9 165579
|
| 700 |
1 |
|
|a Kucharská, Jarmila,
|d 1953-
|4 aut
|9 8213
|
| 700 |
1 |
|
|a Spustová, Viera,
|d 1947-
|4 aut
|9 240811
|
| 700 |
1 |
|
|a Braunová, Z.
|4 aut
|9 836815
|
| 700 |
1 |
|
|a Dzúrik, Rastislav,
|d 1929-2014
|4 aut
|9 13378
|
| 773 |
0 |
|
|x 0008-7335
|t Časopis lékařů českých
|g Roč. 140, č. 10 (2001), s. 307-310
|
| 850 |
|
|
|a Slovenská národná knižnica v Martine
|
| 852 |
|
|
|a SNK
|b KIS3GCP
|
| 958 |
|
|
|a MI
|
| 958 |
|
|
|a NB
|
| 958 |
|
|
|a RBX
|
| 999 |
|
|
|c 3220539
|d 3222469
|